| Tag |
First Indicator |
Second Indicator |
Subfields |
| LEADER |
00000cam a2200000 4500 |
| 001 |
in00000044724 |
| 005 |
20151007075112.0 |
| 008 |
770115s1953 nyu 00000 eng |
| 010 |
|
|
|a 53006759
|
| 035 |
|
|
|a (OCoLC)02680410
|
| 035 |
|
|
|9 AAF2642AM
|
| 040 |
|
|
|a DLC
|c OHI
|d TXA
|d UtOrBLW
|
| 049 |
|
|
|a TXAM
|c [233115]
|
| 050 |
|
0 |
|a TJ1125
|b .S75
|
| 082 |
0 |
|
|a 621.9069
|
| 092 |
|
|
|a 621.75
|b S839o
|
| 100 |
1 |
|
|a Stern, Benjamin J.,
|d 1899-
|
| 245 |
1 |
0 |
|a Opportunities in machine shop trades.
|
| 264 |
|
1 |
|a New York :
|b Vocational Guidance Manuals,
|c [1953]
|
| 300 |
|
|
|a 95 pages ;
|c 21 cm.
|
| 336 |
|
|
|a text
|b txt
|2 rdacontent
|
| 337 |
|
|
|a unmediated
|b n
|2 rdamedia
|
| 338 |
|
|
|a volume
|b nc
|2 rdacarrier
|
| 490 |
1 |
|
|a Vocational guidance manuals
|
| 650 |
|
0 |
|a Machine shops
|x Vocational guidance.
|
| 830 |
|
0 |
|a Vocational guidance manuals.
|
| 999 |
|
|
|a MARS
|
| 999 |
f |
f |
|s 914b2fa3-f6e0-3b47-a2ff-938d234b2fb3
|i 2ac2addc-c477-3439-9a88-51074fde9aea
|t 0
|
| 952 |
f |
f |
|p ric
|a Texas A&M University
|b Rellis Campus
|c Joint Library Facility
|d Remote Storage
|t 0
|e TJ1125 .S75
|h Library of Congress classification
|i unmediated -- volume
|m A14801041690
|
| 998 |
f |
f |
|a TJ1125 .S75
|t 0
|l Remote Storage
|